| 000 | 00664nam a2200205 a 4500 | ||
|---|---|---|---|
| 005 | 20240920064050.0 | ||
| 008 | 991125c1980 bue 000 0 spa u | ||
| 035 | _aUPN01000023890 | ||
| 049 | _aCG | ||
| 050 | 4 |
_aLB1593 E9 _bP4.3 |
|
| 100 | 1 | _aPenchansky, Mónica | |
| 245 | 1 | 3 |
_aLa expresión corporal en la escuela primaria : _bun recurso didáctico / _cMónica Penchansky, Alejandra Eidelberg. |
| 260 |
_aBuenos Aires : _bPlus Ultra, _cc1980. |
||
| 300 |
_a94 p. : _bil. |
||
| 440 | 0 |
_aBiblioteca pedagógica ; _v4 |
|
| 650 | 2 |
_aExpresión corporal _91515 |
|
| 650 | 4 |
_aEducación de niños _95387 |
|
| 700 | 1 |
_aEidelberg, Alejandra, _ecoaut. |
|
| 905 | _aLibro | ||
| 999 |
_c23890 _d23890 |
||